Labour and housing market change in London : a longitudinal analysis, 1971-1981 (Record no. 14413)

MARC details
000 -LEADER
fixed length control field 01145cab a2200205 4500
001 - CONTROL NUMBER
control field ABS40099
008 - FIXED-LENGTH DATA ELEMENTS--GENERAL INFORMATION
fixed length control field 090401t1988 xxu||||| |||| 00| 0 eng d
035 ## - SYSTEM CONTROL NUMBER
System control number (Sirsi) u21468
041 ## - LANGUAGE CODE
Language code of text/sound track or separate title eng
100 ## - MAIN ENTRY--PERSONAL NAME
Personal name Hamnett, C.
245 ## - TITLE STATEMENT
Title Labour and housing market change in London : a longitudinal analysis, 1971-1981
260 ## - PUBLICATION, DISTRIBUTION, ETC.
Date of publication, distribution, etc. 1988
350 ## - PRICE (NR) (BK AM CF MU VM SE) [OBSOLETE]
Price 0
490 ## - SERIES STATEMENT
Series statement Urban Studies
Volume/sequential designation 25 1988, 380-398(19)
520 ## - SUMMARY, ETC.
Summary, etc. In market economies the housing market operates to sift and sort households into different sections of the market by occupation and income. Changes in the distribution of households can therefore occur as a result of changes in the structure of occupation and income or changes in the supply of housing by tenure and price. Britain has witnessed major changes in both occupational composition and the tenure structure of the housing market over the last 20 years and this research examines the interrelations between these changes in London from 1971 to 1981 using data from the OPCS Longitudinal Study . (Journal abstract)
690 ## - LOCAL SUBJECT ADDED ENTRY--TOPICAL TERM (OCLC, RLIN)
Topical term or geographic name as entry element ECONOMIC AND SOCIAL
700 ## - ADDED ENTRY--PERSONAL NAME
Personal name Randolph, B.
942 ## - ADDED ENTRY ELEMENTS (KOHA)
Suppress in OPAC 0
948 ## - LOCAL PROCESSING INFORMATION (OCLC); SERIES PART DESIGNATOR (RLIN)
c (OCLC) 04/03/1997
Holdings
Withdrawn status Lost status Source of classification or shelving scheme Damaged status Not for loan Home library Current library Shelving location Date acquired Total Checkouts Full call number Barcode Date last seen Copy number Price effective from Koha item type
    Dewey Decimal Classification     London London Journal article 14/09/1999   ABS40099 21468-1001 06/08/2019 1 06/08/2019 Journal article